| Tag |
First Indicator |
Second Indicator |
Subfields |
| LEADER |
00000cam a2200000 a 4500 |
| 001 |
in00000020401 |
| 005 |
20151007053916.0 |
| 008 |
870226s1987 nyua j 00011 eng |
| 010 |
|
|
|a 87005715
|
| 020 |
|
|
|a 0688072569
|
| 020 |
|
|
|a 0688072577 (lib. bdg.)
|
| 035 |
|
|
|a (OCoLC)15316959
|
| 035 |
|
|
|9 AAB3292AM
|
| 040 |
|
|
|a DLC
|c DLC
|d TXA
|d UtOrBLW
|
| 049 |
|
|
|a [Curr Col] TXAM
|c [A11059263]
|
| 050 |
0 |
0 |
|a PZ7.K292
|b As 1987
|
| 082 |
0 |
|
|a [E]
|2 19
|
| 100 |
1 |
|
|a Kellogg, Steven.
|
| 245 |
1 |
0 |
|a Aster Aardvark's alphabet adventures /
|c Steven Kellogg.
|
| 264 |
|
1 |
|a New York :
|b Morror,
|c [1987]
|
| 264 |
|
4 |
|c ©1987
|
| 300 |
|
|
|a 40 unnumbered pages :
|b chiefly color illustrations ;
|c 29 cm.
|
| 336 |
|
|
|a text
|b txt
|2 rdacontent
|
| 337 |
|
|
|a unmediated
|b n
|2 rdamedia
|
| 338 |
|
|
|a volume
|b nc
|2 rdacarrier
|
| 520 |
|
|
|a Alliterative text and pictures present adventures of animals from A to Z.
|
| 650 |
|
1 |
|a Animals
|x Fiction.
|
| 650 |
|
0 |
|a Alphabet.
|
| 650 |
|
0 |
|a Alliteration.
|
| 999 |
|
|
|a MARS
|
| 999 |
f |
f |
|s 285739a2-24f7-3f2a-884f-b0176e4508a0
|i a4c4d34f-7ceb-3310-bc70-c7b571ae4fc6
|t 0
|
| 952 |
f |
f |
|p normal
|a Texas A&M University
|b College Station
|c Sterling C. Evans Library
|d Evans: Curriculum Collection (4th floor)
|t 0
|e PZ7.K292 As 1987
|h Library of Congress classification
|i unmediated -- volume
|m A14811059263
|
| 998 |
f |
f |
|a PZ7.K292 As 1987
|t 0
|l Evans: Curriculum Collection (4th floor)
|